[Event "Ch Cuba (1/2 final)"]
[Site "masterchessopen.com – Villa Clara (Cuba)"]
[Round "3"]
[White "Gavilanes Antonio (CUB)"]
[Black "Foyo Rogelio (CUB)"]
[Result "0-1"]
[WhiteElo "2245"]
[BlackElo "2260"]

1.e4 c5 2.Nf3 Nc6 3.d4 cxd4 4.Nxd4 Nf6 5.Nc3 d6 6.Bc4 Qb6 7.Nde2 e6 8.O-O Be7
9.Ng3 a6 10.Kh1 Bd7 11.f4 h5 12.Qf3 Nd4 13.Qf2 Ng4 14.Qg1 Qc5 15.Bd3 Rc8
16.Nge2 Nxe2 17.Qxc5 Ng3+ 18.hxg3 dxc5 {#R} 0-1

[Event "It (open)"]
[Site "masterchessopen.com – Ano Liosia (Greece)"]
[Round "1"]
[White "Papadopoulos Giorgios (SWE)"]
[Black "Atalik Suat (BIH)"]
[Result "0-1"]
[WhiteElo "2057"]
[BlackElo "2525"]

1.e4 c5 2.Nf3 d6 3.d4 cxd4 4.Nxd4 Nf6 5.Nc3 Nc6 6.Bc4 Qb6 7.Nb3 e6 8.Be3 Qc7
9.O-O a6 10.f4 Be7 11.Rf3 d5 12.exd5 Nb4 13.Bb5+ axb5 14.Nxb5 Qc4 15.N3d4 Nxc2
16.d6 Nxd4 17.Nc7+ Qxc7 {#R} 0-1

[Event "Ch Berlin (juniors) (under 15)"]
[Site "masterchessopen.com – Berlin (Germany)"]
[Round "0"]
[White "Schroeder Raymond (GER)"]
[Black "Fliter Irena (GER)"]
[Result "0-1"]
[WhiteElo "2001"]
[BlackElo "2099"]

1.e4 c5 2.Nf3 Nc6 3.d4 cxd4 4.Nxd4 Nf6 5.Nc3 d6 6.Bc4 Qb6 7.Be3 Qxb2 8.Nd5
Nxd5 9.exd5 Qb4+ 10.Bd2 Qxc4 11.dxc6 bxc6 12.Nf3 g6 13.Rb1 Ba6 14.a3 Bg7
15.Rb4 Qe6+ 16.Be3 Bc3+ 17.Nd2 Bxb4 18.Qc1 Bc3 {#R} 0-1

[Event "It (open)"]
[Site "masterchessopen.com – Calcutta (India)"]
[Round "3"]
[White "Neelakantan Narayanan (IND)"]
[Black "Annageldyev Orazly (TKM)"]
[Result "0-1"]
[WhiteElo "2295"]
[BlackElo "2490"]

1.e4 c5 2.Nf3 d6 3.d4 cxd4 4.Nxd4 Nf6 5.Nc3 Nc6 6.Bc4 Qb6 7.Nxc6 bxc6 8.O-O e5
9.Bg5 Be7 10.Qd3 O-O 11.b3 Rd8 12.Rad1 Bg4 13.Be3 Qc7 14.Rd2 Bh5 15.f4 Ng4
16.f5 d5 17.exd5 e4 18.d6 Rxd6 19.Qxe4 Rxd2 {#R} 0-1

[Event "Ch Silent Chess Professional Association"]
[Site "masterchessopen.com – Ekaterinburg (Russia)"]
[Round "0"]
[White "Salov Sergei (GER)"]
[Black "Eremin Anatoly (RUS)"]
[Result "1-0"]
[WhiteElo "2270"]
[BlackElo "2227"]

1.e4 c5 2.Nf3 Nc6 3.d4 cxd4 4.Nxd4 Nf6 5.Nc3 d6 6.Bc4 Qb6 7.Nxc6 bxc6 8.O-O e6
9.b3 d5 10.exd5 cxd5 11.Bb5+ Bd7 12.Bxd7+ Nxd7 13.Nxd5 exd5 14.Re1+ Be7
15.Qxd5 Rc8 16.Ba3 Nc5 17.Rad1 f6 18.Rxe7+ {#r} 1-0

[Event "Ch Finland (juniors)"]
[Site "masterchessopen.com – Finland"]
[Round "3"]
[White "Agopov Mikael (FIN)"]
[Black "Lehtinen Antti (FIN)"]
[Result "1-0"]
[WhiteElo "2295"]
[BlackElo "2193"]

1.e4 c5 2.Nf3 d6 3.d4 cxd4 4.Nxd4 Nf6 5.Nc3 Nc6 6.Bc4 Bd7 7.Bg5 Qa5 8.Bxf6
gxf6 9.Bb3 h5 10.O-O Qg5 11.Nd5 Rg8 12.Ne3 Bh3 13.Ndf5 Qf4 14.Qxh5 Ne5 15.Qxh3
Nf3+ 16.Kh1 {#r} 1-0

[Event "Ch France (team) (juniors) (under 18)"]
[Site "masterchessopen.com – France"]
[Round "0"]
[White "Roger Mehdi (FRA)"]
[Black "Le Masle Raphael (FRA)"]
[Result "1-0"]
[WhiteElo "2153"]
[BlackElo "1999"]

1.e4 c5 2.Nf3 Nc6 3.d4 cxd4 4.Nxd4 Nf6 5.Nc3 d6 6.Bc4 Qb6 7.Nb3 e6 8.O-O Be7
9.Be3 Qc7 10.Bd3 O-O 11.f4 a6 12.a4 b6 13.Qf3 Bb7 14.Rae1 Nb4 15.Nd4 Nd7
16.Qg3 Nc5 17.Rd1 Qd7 18.f5 Kh8 19.Bg5 e5 20.Bxe7 Qxe7 21.f6 {#r} 1-0

[Event "It (open)"]
[Site "masterchessopen.com – Heraklio (Greece)"]
[Round "0"]
[White "Osterwald Elwin (NED)"]
[Black "Nikolaidis Ioannis (GRE)"]
[Result "0-1"]
[WhiteElo "2183"]
[BlackElo "2585"]

1.e4 c5 2.Nf3 Nc6 3.d4 cxd4 4.Nxd4 Nf6 5.Nc3 d6 6.Bc4 Bd7 7.Bb3 g6 8.h3 Nxd4
9.Qxd4 Bg7 10.Bg5 Qa5 11.Qd2 Rc8 12.f3 Rxc3 13.bxc3 Nxe4 14.fxe4 Bxc3 15.Rd1
Be6 16.O-O Bxd2 17.Bxd2 Qb6+ 18.Kh1 Bxb3 19.cxb3 f6 20.Rc1 Kd7 21.Rc4 Rc8 {#R}
0-1

[Event "Ch India"]
[Site "masterchessopen.com – Kasaragod (India)"]
[Round "8"]
[White "Mari Arul S (IND)"]
[Black "Ramesh RB (IND)"]
[Result "1-0"]
[WhiteElo "2325"]
[BlackElo "2415"]

1.e4 c5 2.Nf3 Nc6 3.d4 cxd4 4.Nxd4 Nf6 5.Nc3 d6 6.Bc4 Qb6 7.Nb3 e6 8.O-O Be7
9.Be3 Qc7 10.f4 a6 11.Bd3 b5 12.Qf3 Bb7 13.Rad1 O-O 14.Qh3 Rfe8 15.g4 Nb4
16.g5 Nd7 17.f5 exf5 18.exf5 Bd8 19.Nd4 Nc5 20.g6 h6 21.Bxh6 gxh6 22.f6 Qc8
23.gxf7+ {#r} 1-0

[Event "It (open)"]
[Site "masterchessopen.com – Krakow (Poland)"]
[Round "2"]
[White "Dobrowolski Aleksander (POL)"]
[Black "Kachur Alexander (UKR)"]
[Result "0-1"]
[WhiteElo "2321"]
[BlackElo "2290"]

1.e4 c5 2.Nf3 d6 3.d4 cxd4 4.Nxd4 Nf6 5.Nc3 Nc6 6.Bc4 Qb6 7.Nb3 e6 8.Be3 Qc7
9.O-O a6 10.f4 b5 11.Bd3 g6 12.Qe2 Bg7 13.Rae1 O-O 14.g4 Bb7 15.g5 Nd7 16.f5
Bxc3 17.bxc3 exf5 18.exf5 Rae8 19.f6 Nce5 20.Nd4 Ba8 21.Qf2 Qb7 22.Qg3 Qh1+
23.Kf2 Ng4+ 24.Ke2 Rxe3+ 25.Qxe3 Qg2+ 26.Rf2 Nxe3 {#R} 0-1

[Event "Ch Cuba"]
[Site "masterchessopen.com – Las Tunas (Cuba)"]
[Round "0"]
[White "Leyva Ricardo (CUB)"]
[Black "Vera Reynaldo (CUB)"]
[Result "0-1"]
[WhiteElo "2370"]
[BlackElo "2505"]

1.e4 c5 2.Nf3 d6 3.d4 cxd4 4.Nxd4 Nf6 5.Nc3 Nc6 6.Bc4 Qb6 7.Nb3 e6 8.Be3 Qc7
9.f4 a6 10.Bd3 b5 11.Qe2 Be7 12.O-O-O Bb7 13.Kb1 Nb4 14.g4 Nd7 15.Rhg1 Nc5
16.Bxb5+ axb5 17.Qxb5+ Nc6 18.Nxc5 dxc5 19.Bxc5 O-O 20.Bxe7 Qxe7 21.e5 Rab8
22.Rd6 Ba8 23.Qd3 Qa7 24.Rd1 Qa3 25.b3 Nb4 26.Qd2 Be4 27.Rc1 Rbc8 {#R} 0-1

[Event "It (open)"]
[Site "masterchessopen.com – Ljubljana (Slovenia)"]
[Round "6"]
[White "Susnik Matej (SLO)"]
[Black "Tratar Marko (SLO)"]
[Result "1-0"]
[WhiteElo "2235"]
[BlackElo "2420"]

1.e4 c5 2.Nf3 d6 3.d4 cxd4 4.Nxd4 Nf6 5.Nc3 Nc6 6.Bc4 Qb6 7.Nde2 e6 8.Bb3 Be7
9.O-O O-O 10.Bg5 Na5 11.Ng3 h6 12.Be3 Qc6 13.Nh5 b5 14.Nd5 Nxd5 15.exd5 Qe8
16.Bxh6 g6 17.Qf3 f5 18.dxe6 Nxb3 19.axb3 Bxe6 20.Ng7 Qf7 21.Nxe6 Qxe6 22.Rfe1
{#r} 1-0

[Event "It"]
[Site "masterchessopen.com – Loures (Portugal)"]
[Round "1"]
[White "Lima Paulo (POR)"]
[Black "Rocha Sergio (POR)"]
[Result "1-0"]
[WhiteElo "2126"]
[BlackElo "2400"]

1.e4 c5 2.Nf3 Nc6 3.d4 cxd4 4.Nxd4 Nf6 5.Nc3 d6 6.Bc4 Bd7 7.O-O Rc8 8.Nxc6
Bxc6 9.Qe2 a6 10.f4 b5 11.Bd3 e5 12.a4 b4 13.Nd5 a5 14.fxe5 dxe5 15.Bg5 Bc5+
16.Kh1 Bxd5 17.exd5 Bd4 18.Rf5 Qxd5 19.Bxf6 gxf6 20.Rxf6 Rg8 21.Raf1 Rg7 22.b3
Rc7 23.Be4 Qc5 24.Qa6 Rg6 25.Bxg6 hxg6 26.Qa8+ Rc8 27.Qf3 {#r} 1-0

[Event "Ch Moscow (open)"]
[Site "masterchessopen.com – Moscow (Russia)"]
[Round "1"]
[White "Grigoriants Sergey (RUS)"]
[Black "Kalugin Sergei (RUS)"]
[Result "1-0"]
[WhiteElo "2570"]
[BlackElo "2090"]

1.e4 c5 2.Nf3 Nc6 3.d4 cxd4 4.Nxd4 Nf6 5.Nc3 d6 6.Bc4 Qb6 7.Ndb5 a6 8.Be3 Qa5
9.Nd4 Ng4 10.O-O { !? } 10...Nxe3 11.fxe3 Ne5 12.Qh5 { ! } 12...g6 ( 12...Nxc4
13.Qxf7+ Kd8 14.Qxc4 { ± } ) ( 12...e6 13.Bxe6 Bxe6 14.Nxe6 g6 15.Qh3 { ± } )
13.Bxf7+ { ! } 13...Kd8 14.Qh4 Nxf7 15.Rxf7 Qh5 16.Qf2 { +?? } 16...Bh6 17.Nd5
Re8 18.Nf6 Bxe3 19.Qxe3 exf6 20.Nc6+ {#r} 1-0

[Event "It (cat.7)"]
[Site "masterchessopen.com – Moscow (Russia)"]
[Round "0"]
[White "Zaitsev Igor A (RUS)"]
[Black "Kiselev Sergey (RUS)"]
[Result "1-0"]
[WhiteElo "2435"]
[BlackElo "2545"]

1.e4 c5 2.Nf3 Nc6 3.d4 cxd4 4.Nxd4 Nf6 5.Nc3 d6 6.Bc4 Qb6 7.Be3 Qxb2 8.Ndb5
Qb4 9.Qe2 Qa5 10.Bd2 Qd8 11.Nd5 Nxd5 12.exd5 Ne5 13.f4 Bg4 14.Nxd6+ Qxd6
15.Qxe5 Qc5 16.Bb3 Bd7 17.Be3 Qa5+ 18.Kf2 Rg8 19.Rhe1 g6 20.Rad1 f6 21.Qe4 Kf7
{#r} 1-0

[Event "Ch Netherlands (team) 1995/96"]
[Site "masterchessopen.com – Netherlands"]
[Round "0"]
[White "Westerveld Wim (NED)"]
[Black "Wemmers Xander (NED)"]
[Result "0-1"]
[WhiteElo "2175"]
[BlackElo "2414"]

1.e4 c5 2.Nf3 d6 3.d4 cxd4 4.Nxd4 Nf6 5.Nc3 Nc6 6.Bc4 Qb6 7.Ndb5 a6 8.Be3 Qa5
9.Nd4 e6 10.O-O Be7 11.Bb3 O-O 12.f4 Nxd4 13.Bxd4 e5 14.Bf2 exf4 15.Bd4 Be6
16.Rxf4 Rae8 17.Nd5 Bxd5 18.exd5 Qd8 19.c4 g6 20.Ba4 Nd7 21.Rf1 Bg5 22.Qg4 f5
23.Qg3 Re4 24.Qc3 Bf6 25.Bxf6 Nxf6 26.c5 Rxa4 {#R} 0-1

[Event "Ch Europe (juniors) (under 18)"]
[Site "masterchessopen.com – Rimavska Sobota (Slovakia)"]
[Round "3"]
[White "Bagirov Rufat (AZE)"]
[Black "Grund Holger (GER)"]
[Result "0-1"]
[WhiteElo "2285"]
[BlackElo "2375"]

1.e4 c5 2.Nc3 d6 3.Nf3 Nc6 4.d4 cxd4 5.Nxd4 Nf6 6.Bc4 Bd7 7.O-O e6 8.Bg5 a6
9.Nxc6 Bxc6 10.Qe2 Be7 11.Rad1 Qc7 12.f4 b5 13.Bd3 e5 14.Nd5 Nxd5 15.exd5 Bxg5
16.dxc6 Bf6 17.Be4 exf4 18.Rxf4 Be5 19.Rf3 O-O 20.Rdf1 Rae8 21.Bxh7+ Kxh7 {#R}
0-1

[Event "It (open)"]
[Site "masterchessopen.com – Sarospatak (Hungary)"]
[Round "0"]
[White "Meszaros Andras (HUN)"]
[Black "Racz Zoltan (HUN)"]
[Result "1-0"]
[WhiteElo "2355"]
[BlackElo "2279"]

1.e4 c5 2.Nf3 d6 3.d4 cxd4 4.Nxd4 Nf6 5.Nc3 Nc6 6.Bc4 Qb6 7.Nb3 e6 8.Be3 Qc7
9.f4 a6 10.Bd3 b5 11.a3 Be7 12.O-O Bb7 13.Qf3 O-O 14.Qh3 Rfe8 15.g4 Nd7
16.Rad1 Bf8 17.g5 Nc5 18.Nxc5 dxc5 19.e5 g6 20.Ne4 Be7 21.Qh6 f5 22.gxf6 Bf8
23.Qh3 Nd8 24.Ng5 {#r} 1-0

[Event "It (open)"]
[Site "masterchessopen.com – Vlissingen (Netherlands)"]
[Round "3"]
[White "Hendriks Willy (NED)"]
[Black "Riemens Albert (NED)"]
[Result "1-0"]
[WhiteElo "2430"]
[BlackElo "2180"]

1.e4 c5 2.Nf3 d6 3.d4 cxd4 4.Nxd4 Nf6 5.Nc3 Nc6 6.Bc4 Qb6 7.Nb3 e6 8.Bf4 Ne5
9.Be2 a6 10.Be3 Qc7 11.f4 Nc4 12.Bxc4 Qxc4 13.Qf3 Bd7 14.O-O-O Qc7 15.g4 Bc6
16.g5 Nxe4 17.Nxe4 d5 18.Qh3 dxe4 19.g6 f5 20.Qxh7 {#r} 1-0

[Event "Ch Yugoslavia (team) (w)"]
[Site "masterchessopen.com – Vrnjacka Banja (Serbia)"]
[Round "2"]
[White "Bokan Jelena (SRB)"]
[Black "Arsenijevic Dragica (YUG)"]
[Result "1-0"]
[WhiteElo "2135"]
[BlackElo "2056"]

1.e4 c5 2.Nf3 d6 3.d4 cxd4 4.Nxd4 Nf6 5.Nc3 Nc6 6.Bc4 Qb6 7.Nb3 e6 8.Be3 Qc7
9.f4 a6 10.Bd3 Be7 11.O-O O-O 12.g4 Re8 13.g5 Nd7 14.Rf3 g6 15.Rh3 Bf8 16.Qe1
Bg7 17.Qh4 Nf8 18.Rf1 b5 19.f5 Bxc3 20.bxc3 Ne5 21.f6 h5 22.Be2 d5 23.Bxh5
gxh5 24.Qxh5 Neg6 25.Qh6 {#r} 1-0

[Event "It (open) (w)"]
[Site "masterchessopen.com – Yalta (Ukraine)"]
[Round "9"]
[White "Sorokina Anastasia (AUS)"]
[Black "Kalinina Vladislava (UKR)"]
[Result "1-0"]
[WhiteElo "2115"]
[BlackElo "2125"]

1.e4 c5 2.Nf3 Nc6 3.d4 cxd4 4.Nxd4 Nf6 5.Nc3 d6 6.Bc4 Qb6 7.Nb3 e6 8.Be3 Qc7
9.f4 a6 10.O-O b5 11.Be2 b4 12.Na4 Nxe4 13.Bf3 Nf6 14.Bb6 Qd7 15.Nbc5 dxc5
16.Bxc6 {#r} 1-0

[Event "Olympiad"]
[Site "masterchessopen.com – Yerevan (Armenia)"]
[Round "5"]
[White "Faulks Nick (BER)"]
[Black "Saleem Khalid (ISV)"]
[Result "1-0"]
[WhiteElo "2075"]
[BlackElo "2200"]

1.e4 c5 2.Nc3 Nc6 3.Nf3 d6 4.d4 cxd4 5.Nxd4 Nf6 6.Bc4 Qb6 7.Nxc6 bxc6 8.O-O e6
9.Bf4 d5 10.exd5 exd5 11.Bd3 Be6 12.Qd2 Bb4 13.a3 Be7 14.Be5 O-O 15.Rae1 Rad8
16.Ne2 Ng4 17.Bc3 Qc7 18.Ng3 Rde8 19.h3 Nf6 20.Nf5 Bxf5 21.Bxf5 Bc5 22.Bxf6
Rxe1 23.Rxe1 Qb8 24.Qg5 {#r} 1-0

[Event "It (open)"]
[Site "masterchessopen.com – Alicante (Spain)"]
[Round "4"]
[White "Sion Castro Marcelino (ESP)"]
[Black "Alderete Rigoberto (CUB)"]
[Result "0-1"]
[WhiteElo "2435"]
[BlackElo "2166"]

1.e4 c5 2.Nf3 Nc6 3.d4 cxd4 4.Nxd4 Nf6 5.Nc3 d6 6.Bc4 Bd7 7.O-O g6 8.Nxc6 bxc6
9.f4 Qa5 10.Kh1 Bg7 11.Qe1 Qb4 12.Bb3 Ng4 13.h3 h5 14.hxg4 hxg4+ 15.Kg1 Qc5+
16.Be3 Qh5 17.Kf2 g3+ {#R} 0-1

[Event "Ch Asturias (team)"]
[Site "masterchessopen.com – Asturias (Spain)"]
[Round "0"]
[White "Alonso Perez Jose Ramon (ESP)"]
[Black "Alvarez Jose_ (CUB)"]
[Result "1-0"]
[WhiteElo "2014"]
[BlackElo "2390"]

1.e4 c5 2.Nf3 Nc6 3.d4 cxd4 4.Nxd4 Nf6 5.Nc3 d6 6.Bc4 Qb6 7.Ndb5 a6 8.Na3 e6
9.Bb3 Be7 10.Be3 Qc7 11.Nc4 b5 12.Nb6 Rb8 13.Nxc8 Rxc8 14.f3 Ne5 15.O-O Nc4
16.Bxc4 Qxc4 17.Rf2 O-O 18.Rd2 Rfd8 19.a4 b4 20.Rd4 Qc5 21.Ne2 Qxc2 22.Rxb4
Qxd1+ 23.Rxd1 d5 24.Rb7 Rc2 25.Nd4 dxe4 26.Rxe7 {#r} 1-0

[Event "Tournament"]
[Site "masterchessopen.com – Barcelona (Spain)"]
[Round "0"]
[White "Castany Pampalona Luis Maria (ESP)"]
[Black "Sole Monistrol Francisco (ESP)"]
[Result "1-0"]
[WhiteElo "2262"]
[BlackElo "1863"]

1.e4 c5 2.Nf3 Nc6 3.Nc3 d6 4.d4 cxd4 5.Nxd4 Nf6 6.Bc4 Qb6 7.Nde2 e6 8.Bb3 a6
9.O-O Be7 10.Kh1 O-O 11.f4 Qc7 12.f5 Na5 13.Nd4 Nxb3 14.axb3 Bd7 15.Bg5 Kh8
16.Rf3 b5 17.b4 Qd8 18.Rh3 h6 19.Qd2 Ng8 20.Bxe7 Qxe7 21.Rf1 Rac8 22.Rff3 Nf6
23.Rxh6+ gxh6 24.Qxh6+ Nh7 25.f6 {#r} 1-0

[Event "It (open) (a)"]
[Site "masterchessopen.com – Bled (Slovenia)"]
[Round "8"]
[White "Ankerst Mihael (SLO)"]
[Black "Kolar Srecko (SLO)"]
[Result "0-1"]
[WhiteElo "2350"]
[BlackElo "2155"]

1.e4 c5 2.Nf3 Nc6 3.d4 cxd4 4.Nxd4 Nf6 5.Nc3 d6 6.Bc4 Bd7 7.O-O g6 8.h3 Bg7
9.Be3 O-O 10.f4 a6 11.a4 Rc8 12.Ba2 Qa5 13.Qd3 Nb4 14.Qe2 Rxc3 15.bxc3 Nxa2
16.Rxa2 Nxe4 17.Qe1 Qxc3 18.a5 Bxd4 19.Bxd4 Qxd4+ 20.Kh1 Qc4 21.Rb2 Qxf1+ {#R}
0-1

[Event "It (open)"]
[Site "masterchessopen.com – Burjassot (Spain)"]
[Round "0"]
[White "Vedreno Rios Jose V (ESP)"]
[Black "Castillo Martinez Alberto (ESP)"]
[Result "1-0"]
[WhiteElo "2041"]
[BlackElo "2097"]

1.e4 c5 2.Nf3 d6 3.d4 cxd4 4.Nxd4 Nf6 5.Nc3 Nc6 6.Bc4 g6 7.Nxc6 bxc6 8.e5 Ng8
9.exd6 exd6 10.O-O Bg7 11.Re1+ Ne7 12.Bg5 f6 13.Bf4 d5 14.Nxd5 cxd5 15.Bxd5
Bg4 16.f3 Bf5 17.Bxa8 Qxa8 18.Qd6 Qb7 19.Rad1 Kf7 20.g4 Bc8 21.Rd3 Re8 22.Rc3
Nd5 23.Rxe8 Nxc3 24.Rxc8 Ne2+ 25.Kf2 Qxc8 26.Qd5+ {#r} 1-0

[Event "It (open) \"]
[Site "masterchessopen.com – Copenhagen (Denmark)"]
[Round "2"]
[White "Salov Sergei (GER)"]
[Black "Petersen Steen (DEN)"]
[Result "1-0"]
[WhiteElo "2275"]
[BlackElo "2140"]

1.e4 c5 2.Nf3 d6 3.d4 cxd4 4.Nxd4 Nf6 5.Nc3 Nc6 6.Bc4 Qb6 7.Nxc6 bxc6 8.O-O e5
9.b3 Be7 10.Bb2 O-O 11.Na4 Qc7 12.Qe2 Bb7 13.Rad1 Rae8 14.Rd3 c5 15.Nc3 a6
16.Rg3 Ra8 17.f4 exf4 18.Rxf4 d5 19.Nxd5 Bxd5 20.Rxg7+ Kxg7 21.Qg4+ Kh8
22.Rxf6 Bxf6 23.Bxf6# 1-0

[Event "It (open)"]
[Site "masterchessopen.com – Cseppko (Hungary)"]
[Round "1"]
[White "Simon Nandor (HUN)"]
[Black "Varga Peter (HUN)"]
[Result "0-1"]
[WhiteElo "2113"]
[BlackElo "2395"]

1.e4 c5 2.Nf3 Nc6 3.d4 cxd4 4.Nxd4 Nf6 5.Nc3 d6 6.Bc4 Qb6 7.Nb3 e6 8.Be3 Qc7
9.f4 a6 10.Qf3 b5 11.Bd3 Bb7 12.a3 Be7 13.O-O-O b4 14.axb4 Nxb4 15.g4 d5
16.exd5 Nfxd5 17.Nxd5 Bxd5 {#R} 0-1

[Event "Czech League 1996/97 (1st)"]
[Site "masterchessopen.com – Czech Republic"]
[Round "0"]
[White "Krutina Miroslav (CZE)"]
[Black "Drbohlav Frantisek (CZE)"]
[Result "0-1"]
[WhiteElo "1997"]
[BlackElo "2270"]

1.e4 c5 2.Nf3 d6 3.d4 Nf6 4.Nc3 cxd4 5.Nxd4 Nc6 6.Bc4 Qb6 7.Ndb5 a6 8.Be3 Qa5
9.Nd4 Ne5 10.Bd3 Neg4 11.Nb3 Qc7 12.Bf4 g6 13.h3 Ne5 14.O-O Bg7 15.Qe2 O-O
16.Be3 b5 17.a4 b4 18.Na2 Be6 19.Nxb4 a5 20.Na6 Qc8 21.Bb5 Bc4 22.Qd2 Bxf1
23.Rxf1 Rxa6 24.Nxa5 Ra8 25.f3 Qc7 26.b4 Rfc8 27.c4 Rxa5 {#R} 0-1

[Event "Czech League 1996/97 (1st)"]
[Site "masterchessopen.com – Czech Republic"]
[Round "0"]
[White "Lukes Ladislav (CZE)"]
[Black "Drbohlav Frantisek (CZE)"]
[Result "0-1"]
[WhiteElo "2106"]
[BlackElo "2270"]

1.e4 c5 2.Nf3 d6 3.d4 Nf6 4.Nc3 cxd4 5.Nxd4 Nc6 6.Bc4 Qb6 7.Nde2 e6 8.O-O Be7
9.a3 O-O 10.b4 a6 11.Be3 Qc7 12.Bb3 b5 13.a4 bxa4 14.Rxa4 Rb8 15.Na2 Ne5
16.Qd4 Neg4 17.Bg5 d5 18.Bf4 e5 19.Bg3 Bd7 20.Rxa6 {#R} 0-1

[Event "It (open)"]
[Site "masterchessopen.com – Geneva (Switzerland)"]
[Round "3"]
[White "Kraft Philippe (SUI)"]
[Black "Buehler Bernd (GER)"]
[Result "1-0"]
[WhiteElo "2177"]
[BlackElo "2160"]

1.e4 c5 2.Nf3 d6 3.d4 cxd4 4.Nxd4 Nf6 5.Nc3 Nc6 6.Bc4 Qb6 7.Nxc6 bxc6 8.O-O e6
9.Bb3 Be7 10.Be3 Qc7 11.f4 d5 12.exd5 Nxd5 13.Nxd5 cxd5 14.f5 O-O 15.fxe6 fxe6
16.Rxf8+ Kxf8 17.Qh5 Bc5 18.Rf1+ Kg8 19.Qe8+ {#r} 1-0

[Event "Oberliga Southwest1996/97"]
[Site "masterchessopen.com – Germany"]
[Round "0"]
[White "Daum Holger (GER)"]
[Black "Becher Helmut Dr (GER)"]
[Result "1-0"]
[WhiteElo "2203"]
[BlackElo "2072"]

1.e4 c5 2.Nf3 Nc6 3.d4 cxd4 4.Nxd4 Nf6 5.Nc3 d6 6.Bc4 Qb6 7.Nde2 e6 8.Bb3 Be7
9.O-O Bd7 10.Ng3 O-O 11.Kh1 Na5 12.Bg5 Nxb3 13.axb3 a6 14.e5 dxe5 15.Bxf6 Bxf6
16.Qxd7 Rad8 17.Qa4 Rd2 18.Nce4 Rxc2 19.Nxf6+ gxf6 20.Qg4+ Kh8 21.Qh4 Qd8
22.Rad1 Qe7 23.Nh5 Rg8 24.Rd7 {#r} 1-0

[Event "Ch World Cities"]
[Site "masterchessopen.com – Jakarta (Indonesia)"]
[Round "2"]
[White "Aye Lwin (MYA)"]
[Black "Chairul (IND)"]
[Result "1-0"]
[WhiteElo "2195"]
[BlackElo "2211"]

1.e4 c5 2.Nf3 Nc6 3.d4 cxd4 4.Nxd4 Nf6 5.Nc3 d6 6.Bc4 Qb6 7.Nde2 e6 8.O-O Be7
9.Ng3 O-O 10.Kh1 a6 11.f4 Qc7 12.a4 Bd7 13.Ba2 Rac8 14.Be3 Na5 15.Bd4 Nc6
16.Bg1 Kh8 17.Qe2 Na5 18.e5 Ne8 19.Rad1 Nc4 20.Bxc4 Qxc4 21.Qe1 f5 22.exd6
Bxd6 23.Rd4 Qc7 24.Nh5 Rf7 25.Rd3 Nf6 {#r} 1-0

[Event "It (open)"]
[Site "masterchessopen.com – Korinthos (Greece)"]
[Round "4"]
[White "Nedev Trajce (MKD)"]
[Black "Kotronias Vasilios (GRE)"]
[Result "0-1"]
[WhiteElo "2445"]
[BlackElo "2585"]

1.e4 c5 2.Nf3 Nc6 3.d4 cxd4 4.Nxd4 Nf6 5.Nc3 d6 6.Bc4 Qb6 7.Nxc6 bxc6 8.O-O g6
9.e5 dxe5 10.Qe2 Qd4 11.Be3 Qh4 12.f4 e4 13.Bc5 Bf5 14.Ba6 Bg7 15.Bb7 Rb8
16.Bxc6+ Bd7 17.Bxd7+ Nxd7 18.Ba3 Bxc3 19.bxc3 f5 20.Rad1 Qf6 21.Qc4 Nb6
22.Qc7 Rc8 23.Qxa7 Ra8 24.Bxe7 Qc6 {#R} 0-1

[Event "Ch Croatia (team) (1st league) (juniors)"]
[Site "masterchessopen.com – Medulin (Croatia)"]
[Round "0"]
[White "Ladic Josip (CRO)"]
[Black "Mutapcic Damir (CRO)"]
[Result "1-0"]
[WhiteElo "2191"]
[BlackElo "2089"]

1.e4 c5 2.Nf3 d6 3.d4 cxd4 4.Nxd4 Nf6 5.Nc3 Nc6 6.Bc4 g6 7.Nxc6 bxc6 8.e5 Nd7
9.exd6 e5 10.Qf3 Nf6 11.Bg5 Bg7 12.Ne4 Bf5 13.Nxf6+ Bxf6 14.Bxf6 e4 15.Qc3
Qxd6 16.Bxh8 O-O-O 17.Ba6+ {#r} 1-0

[Event "Tournament"]
[Site "masterchessopen.com – Moscow (Russia)"]
[Round "0"]
[White "Salov Sergei (GER)"]
[Black "Krylov Sergey (RUS)"]
[Result "1-0"]
[WhiteElo "2275"]
[BlackElo "2315"]

1.e4 c5 2.Nf3 Nc6 3.d4 cxd4 4.Nxd4 Nf6 5.Nc3 d6 6.Bc4 Qb6 7.Nxc6 bxc6 8.O-O g6
9.b3 Bg7 10.Bb2 Qc7 11.Qe2 O-O 12.Kh1 Bb7 13.Bd3 e5 14.f4 exf4 15.Rxf4 Rae8
16.Raf1 Nd7 17.Qf2 Re7 18.Nd1 Ne5 19.Ne3 d5 20.Ba3 c5 21.Nxd5 Bxd5 22.exd5 Nd7
23.b4 {#r} 1-0

[Event "Ch Yugoslavia (team)"]
[Site "masterchessopen.com – Niksic (Yugoslavia)"]
[Round "1"]
[White "Ivanovic Bozidar (MNE)"]
[Black "Kotronias Vasilios (GRE)"]
[Result "1-0"]
[WhiteElo "2500"]
[BlackElo "2585"]

1.e4 c5 2.Nf3 Nc6 3.d4 cxd4 4.Nxd4 Nf6 5.Nc3 d6 6.Bc4 Qb6 7.Nb3 e6 8.O-O Be7
9.Be3 Qc7 10.f4 a6 {#r} 1-0

[Event "It (open)"]
[Site "masterchessopen.com – Passau (Germany)"]
[Round "0"]
[White "Premke Stefan"]
[Black "Kammer Thomas (GER)"]
[Result "0-1"]
[WhiteElo "1478"]
[BlackElo "2053"]

1.e4 c5 2.Nf3 Nc6 3.d4 cxd4 4.Nxd4 Nf6 5.Nc3 d6 6.Bc4 Qb6 7.Nb3 e6 8.Be3 Qc7
9.O-O Be7 10.Qf3 O-O 11.Qg3 Kh8 12.Rad1 a6 13.Be2 b5 14.a3 Bb7 15.Nc5 Bc8
16.Rd2 Ne5 17.Nb3 Bb7 18.f3 Rac8 19.Rfd1 d5 20.exd5 Nxd5 21.Nd4 Bd6 22.Bf4
Nxf3+ 23.Bxf3 Bxf4 24.Qg4 Bxd2 25.Rxd2 Qe5 26.Bxd5 Qe1# 0-1

[Event "Ch Slovakia (team) 1996/97"]
[Site "masterchessopen.com – Presov (Slovakia)"]
[Round "6"]
[White "Maros Milan (SVK)"]
[Black "Plachetka Jan (SVK)"]
[Result "0-1"]
[WhiteElo "2336"]
[BlackElo "2445"]

1.e4 c5 2.Nf3 Nc6 3.d4 cxd4 4.Nxd4 Nf6 5.Nc3 d6 6.Bc4 Qb6 7.Nb3 e6 8.g4 h6
9.Be3 Qc7 10.f4 a6 11.Be2 b5 12.Bf3 Bb7 13.Qd2 g5 14.fxg5 Ne5 15.Qe2 hxg5
16.Bxg5 Bg7 17.O-O-O b4 18.Nb1 Rc8 19.Bg2 Nfxg4 20.Nd4 Nc4 21.h3 Nge3 22.Bxe3
Nxe3 {#R} 0-1